| 000 | 00606nam a2200181 i 4500 | ||
|---|---|---|---|
| 001 | 188367 | ||
| 003 | ES-MaACL | ||
| 005 | 20250724075057.0 | ||
| 008 | 180904s1872 sp |||| | spa d | ||
| 245 | 0 | 0 |
_aResumen de los trabajos de la Comisión Internacional del Metro / _cpublicado por el Instituto Geografico de España. |
| 260 |
_aMadrid : _bM. Rivadeneyra, _c1872. |
||
| 300 |
_a95 p. ; _c26 cm. |
||
| 650 | 7 |
_aPesos y medidas _2embne _9136691 |
|
| 710 | 2 |
_aComisión Internacional del Metro. _9151422 |
|
| 852 |
_aES-MaACL _jT-176-F-6 |
||
| 852 |
_aES-MaACL _jT-438-F-14 |
||
| 999 |
_c188367 _d188367 |
||